Landen - Statistieken

Algemene statistieken
  • Deze quiz is 342 keer genomen
  • De gemiddelde score is 7 van 10
Antwoordstatistieken
Hint Antwoord % Correct
PAJAN Japan
98%
VAZEUNEEL Venezuela
93%
BIGEEL Belgie
91%
DIANI India
88%
HANIC China
83%
DAANCA Canada
75%
DENLADREN Nederland
73%
RANDSUL Rusland
67%
JARGUILBE Bulgarije
45%
JATDAS Tsjaad
36%
Geen overeenkomende quizzen gevonden
Scoreverdeling
Procent van Mensen met Elke Score
Percentiel versus Aantal Correcte Antwoorden
Uw Scoregeschiedenis
U heeft deze quiz nog niet genomen